00603nam a22001097a 4500040000800000082002600008100004100034245035400075260002600429300002200455856001600477 cRUA aANS LI 2018 B648 Or.1 aLI KIMLONG លី គឹមឡុង aeffcet of thymmol supplementation to concentrated feed on growth performance of fattening pigs (16-60kg) ឥទ្ធិពលនៃការបន្ថែម THYMOL នៅក្នុងចំណីសម្រេចលើការលូតលាស់របស់ជ្រូកសាច់ទម្ងន់ពី ១៦ទៅ៦០គ ក្រ aRUAbPhnom penhc2018 ax;41pbill;c29cm u LI KIMLONG